00973nam a2200193 a 450000500170000000800410001704000270005804100080008504400070009308200170010024502550011726000490037230000720042165000570049365000650055065000740061565000730068971000170076220161229144310.0161229s2013 ck ad|||r|||| 00| 0 spa d aCO-BoIAVH cCO-BoIAVH 0 aspa ack04a304.25bA61c00aAnálisis del contexto socio-económico, institucional y ambiental del entorno y la formulación y divulgación de un plan de acción para contrarestar los efectos asociados al cambio climático en el departamento de La Guajira / cCorpoguajira aRioacha? (Colombia) : bCorpoguajira,c2013. a47 páginas : bilustraciones a color y gráficas ; c14 x 21 cm.26aCambio climáticozGuajira (Departamento, Colombia)26aPrevención de poluciónzGuajira (Departamento, Colombia)26aMitigación del cambio climáticozGuajira (Departamento, Colombia)26aAdaptación al cambio climáticozGuajira (Departamento, Colombia)2 aCorpoguajira